| 000 | 00617nam a2200241 a 4500 | ||
|---|---|---|---|
| 999 |
_c5676 _d5676 |
||
| 001 | 5676 | ||
| 003 | BD-JhCC | ||
| 005 | 20171219183643.0 | ||
| 008 | 171219s19241959n a|||| || | 001 0 eng d | ||
| 035 | _a(BD-JhCC)5676 | ||
| 040 |
_aBD-JhCC _dBD-JhCC |
||
| 041 | _aeng | ||
| 082 |
_a633.00973 _bKIP 1959 |
||
| 100 | _aKipps, M. S. | ||
| 245 |
_aProduction of Field Crops / _cM. S. Kipps, |
||
| 260 |
_aNew York : _bTata McGraw-Hill Publishing Company Ltd, _c1959. |
||
| 300 |
_a790 p. : _c20 cm. |
||
| 650 | _aField Crops | ||
| 650 | _aAgronomy | ||
| 650 | _aAgriculture | ||
| 942 |
_2ddc _cBK |
||